[Event "TUR-chT2"]
[Site "Konya"]
[Date "2017.07.12"]
[Round "6.17"]
[White "Genc, Cezmi"]
[Black "Tokmak, Mustafa"]
[Result "1-0"]
[WhiteElo "1492"]
[BlackElo "1279"]
[PlyCount "85"]
[EventDate "2017.07.09"]
[EventType "team-swiss"]
[EventRounds "9"]
[EventCountry "TUR"]
[SourceTitle "CBM 179 Extra"]
[Source "ChessBase"]
[SourceDate "2017.08.23"]
[SourceVersion "1"]
[SourceVersionDate "2017.08.23"]
[SourceQuality "1"]
[WhiteTeam "Genclik Giresun"]
[BlackTeam "Genclik Deha"]
[WhiteTeamCountry "TUR"]
[BlackTeamCountry "TUR"]

1. d4 d5 2. Nf3 c6 3. Bf4 Nf6 4. h3 Bf5 5. e3 e6 6. c4 Bb4+ 7. Nc3 Qa5 8. Qb3 dxc4 9. Bxc4 b5 10. Be2 Nd5 11. Rc1 Nxc3 12. bxc3 Be7 13. 0-0 Qa3 14. c4 Qxb3 15. axb3 b4 16. Ra1 Nd7 17. c5 h6 18. Nd2 Bf6 19. Bf3 e5 20. Bxc6 exf4 21. Bxa8 0-0 22. Be4 Bxe4 23. Nxe4 Bh4 24. exf4 Nf6 25. Nd6 Nd5 26. g3 Bf6 27. Nb7 Bxd4 28. Rad1 Nxf4 29. gxf4 Bc3 30. Rd8 Rxd8 31. Nxd8 Bf6 32. Rd1 a5 33. c6 a4 34. bxa4 b3 35. c7 b2 36. c8Q h5 37. Rb1 g6 38. Ne6+ Kh7 39. Nf8+ Kg7 40. Nd7 Bd4 41. Qf8+ Kh7 42. Qxf7+ Bg7 43. Rxb2 1-0

[Event "TUR-chT2"]
[Site "Konya"]
[Date "2017.07.10"]
[Round "2.15"]
[White "Genc, Cezmi"]
[Black "Yildirim, Deniz"]
[Result "1/2-1/2"]
[WhiteElo "1492"]
[BlackElo "1669"]
[PlyCount "65"]
[EventDate "2017.07.09"]
[EventType "team-swiss"]
[EventRounds "9"]
[EventCountry "TUR"]
[SourceTitle "CBM 179 Extra"]
[Source "ChessBase"]
[SourceDate "2017.08.23"]
[SourceVersion "1"]
[SourceVersionDate "2017.08.23"]
[SourceQuality "1"]
[WhiteTeam "Genclik Giresun"]
[BlackTeam "Hamle Adana"]
[WhiteTeamCountry "TUR"]
[BlackTeamCountry "TUR"]

1. d4 Nf6 2. c4 e6 3. Nc3 d5 4. Nf3 a6 5. Bf4 b6 6. e3 Bb7 7. Rc1 Nbd7 8. cxd5 exd5 9. Bxc7 Qxc7 10. Nxd5 Qxc1 11. Nxf6+ Nxf6 12. Qxc1 Rc8 13. Qd1 Bb4+ 14. Nd2 0-0 15. f3 Rfe8 16. Kf2 Nd5 17. e4 Nf6 18. Bd3 Rcd8 19. Nb3 a5 20. a3 Bf8 21. Bb5 Re7 22. Re1 g6 23. Qd3 Bg7 24. d5 Nd7 25. Re2 Ne5 26. Qd1 Kh8 27. h3 f5 28. f4 fxe4 29. fxe5 Rxd5 30. Rd2 e3+ 31. Kxe3 Bh6+ 32. Kf2 Bxd2 33. Qf3 1/2-1/2